Patria grande /
Guardado en:
| Autor Principal: | |
|---|---|
| Formato: | Libro |
| Publicado: |
Buenos Aires :
Alberto Luongo,
2014
|
| Series: | Mitad del Mundo
|
| Materias: | |
| Etiquetas: |
Agregar Etiqueta
Sin Etiquetas, Sea el primero en etiquetar este registro!
|
| LEADER | 01760nam a22003375a 4500 | ||
|---|---|---|---|
| 001 | CEM.cems015072 | ||
| 005 | 20190912161906.0 | ||
| 008 | 130507s2014##################000#0#####d | ||
| 003 | CEMS | ||
| 020 | |a 9789872903657 | ||
| 082 | 0 | 4 | |a A868.4 |
| 100 | 1 | |a Donnet, Beatriz | |
| 245 | 1 | 0 | |a Patria grande / |c Beatriz Donnet; ilustrado Por Santiago Parreño |
| 260 | |a Buenos Aires : |b Alberto Luongo, |c 2014 | ||
| 300 | |a 164 p. | ||
| 490 | 0 | |a Mitad del Mundo | |
| 505 | 0 | |a El niño de los hielos -- Cuando salimos a cazar el bisonte -- El casi coyote y el sol -- Los pies más rápidos -- Danzar como el venado -- Adivinanzas Náhuas -- Uxmal, donde los enanos reinan -- La Papaya -- Eldorado -- Casas del Amazonas -- Jíbaros de pies a cabeza -- Una capital para el imperio -- Historia de sol y de viento -- Rohaihú significa ¨te quiero¨en Tupí Guaraní -- Rebeldes por siempre -- Pie Grande | |
| 653 | |a Literatura | ||
| 653 | |a Literatura argentina | ||
| 653 | |a Literatura infantil | ||
| 653 | |a Leyendas | ||
| 653 | |a Cuentos amerindios | ||
| 653 | |a Colección ciencias de la educación | ||
| 859 | |a CEMS |b BIB. CEMS - Ccias. Educacion |h A868.4 |i D719 |k CE |p 28052.19 |t Ej.1 | ||
| 859 | |a CEMS |b BIB. CEMS - Ccias. Educacion |h A868.4 |i D719 |k CE |p 28334.19 |t Ej.2 | ||
| 859 | |a CEMS |b BIB. CEMS - Ccias. Educacion |h A868.4 |i D719 |k CE |p 28466.19 |t Ej.3 | ||
| 859 | |a CEMS |b BIB. CEMS - Ccias. Educacion |h A868.4 |i D719 |k CE |p 28467.19 |t Ej.6 | ||
| 859 | |a CEMS |b BIB. CEMS - Ccias. Educacion |h A868.4 |i D719 |k CE |p 28468.19 |t Ej.4 | ||
| 859 | |a CEMS |b BIB. CEMS - Ccias. Educacion |h A868.4 |i D719 |k CE |p 28469.19 |t Ej.5 | ||
| 859 | |a CEMS |b BIB. CEMS - Ccias. Educacion |h A868.4 |i D719 |k CE |p 28470.19 |t Ej.7 | ||
| 859 | |a CEMS |b BIB. CEMS - Ccias. Educacion |h A868.4 |i D719 |k CE |p 28471.19 |t Ej.8 | ||
